Italian Language House Items - Statistics

General Stats
  • This quiz has been taken 101 times
    53 since last reset
  • The average score is 12 of 17
Answer Stats
Hint Answer % Correct
house casa
100%
door porta
100%
window finestra
90%
bedroom camera da letto
80%
kitchen cucina
80%
laundry room lavanderia
80%
dining room sala da pranzo
80%
bathroom stanza da bagno
80%
patio terrazza
80%
living room salotto/soggiorno
70%
stairs scale
70%
chimney/fireplace camino
60%
floor pavimento
60%
wall parete
50%
basement seminterrato
50%
roof tetto
50%
ceiling soffitto
40%
No matching quizzes found
Score Distribution
Percent of People with Each Score
Percentile by Number Answered
Your Score History
You have not taken this quiz since the last reset